000 00429nam a2200133Ia 4500
008 170221s9999 xx 000 0 und d
100 _aZheng Zhu
245 _aBecoming American: Constructing Mexican Immigrants in Local Newspapers
245 _cZheng Zhu
260 _bStudies in Media and Communication
650 _xCommunication
650 _xMedia Arts
856 _uhttp://redfame.com/journal/index.php/smc/issue/view/30
999 _c312681
_d312681